Recopilación de leyes y reglamentos con índices numérico, por Ministerios, temático y de notas

Enregistré dans:
Détails bibliographiques
Collectivité auteur: Contraloría General de la República (Auteur)
Format: Livre
Langue:espagnol
Publié: Santiago Contraloría General de la República 2009
Sujets:
Tags: Ajouter un tag
Pas de tags, Soyez le premier à ajouter un tag!

MARC

LEADER 00000nam a2200000 a 4500
001 UCH8605
003 CL-VaPUC
008 091203e20090000CL |||||||||||||||||spa|d
082 0 4 |a 348.022  |b CON  |2 21 
110 2 |a Contraloría General de la República  |e author  |9 545251 
245 1 0 |a Recopilación de leyes y reglamentos con índices numérico, por Ministerios, temático y de notas 
300 |a 2 t 
942 |c BK 
945 |d 20091203 00:00:00  |a rbrito 
260 |a Santiago  |b Contraloría General de la República  |c 2009 
500 |a t.138 v.1: Comprende desde la ley 20.263, de 2 de mayo de 2008 a la ley 20.302, de 28 de octubre del mismo año y anexos B y D 
500 |a t.138 v.2: Comprende desde la ley 20.263, de 2 de mayo de 2008 a la ley 20.302, de 28 de octubre del mismo año y anexos B y D, Edición oficial 
650 7 |a LEGISLACION  |2 CL-VaPUC  |9 545252 
650 0 |a Fuentes del derecho   |9 255162 
650 7 |a DECRETOS SUPREMOS  |2 CL-VaPUC  |9 396008 
650 7 |a DERECHO CHILENO  |2 CL-VaPUC  |9 545253 
583 |a last modification  |c 20091203 00:00:00  |k Rodrigo Vera 
999 |c 338816  |d 338814 
952 |0 0  |1 0  |4 0  |6 348_022000000000000_CON_2009  |7 0  |8 F  |9 431948  |a BIBDER  |b BIBDER  |d 2019-11-22  |h t.138 v.1  |i 4623916  |o 348.022 CON 2009  |p 4623916  |r 2023-01-25  |w 2019-11-22  |y BK_F  |k DER 
952 |0 0  |1 0  |4 0  |6 348_022000000000000_CON_2009  |7 0  |8 F  |9 431949  |a BIBDER  |b BIBDER  |d 2019-11-22  |h t.138 v.2  |i 4623924  |o 348.022 CON 2009  |p 4623924  |r 2023-01-25  |w 2019-11-22  |y BK_F  |k DER